000
00340nam a22001337a 4500
999
_c
523034
_d
523034
008
230626b ||||| |||| 00| 0 eng d
100
_a
Mishra, Vivek
_9
41987
245
_a
Swage overload
260
_a
Down to Earth
300
_a
31(22), Apr-1-15, 2023: p.25-27
773
_a
Down to Earth
906
_a
ENVIRONMENT
942
_c
AR